000 00323nam a2200121Ia 4500
005 20251222144902.0
008 251222s9999||||xx |||||||||||||| ||spa||
082 _a519.5/M66E/Ej.2
100 _aMitacc Meza, Máximo
245 0 _aTópicos de Estadística Descriptiva y Probabilidades
264 _bSan Marcos
942 _cLIB
999 _c22028
_d22028